000 01152nam a2200301 i 4500
003 EG-GICUC
005 20260311015413.0
008 260311s1933 ua ||||fr|||| 000 0 ara d
040 _a EG-GICUC
_bara
_c EG-GICUC
_d EG-GICUC
_erda
041 0 _aara
082 0 4 _221
_a341.8
_bح ا . م
092 0 4 _221
099 _aLaw1 11 1933 341.8 ح ا . م
100 0 _aحامد زكي ،
_eمؤلف.
245 1 0 _aمذكرات فى القانون الدولى الخاص /
_cوفقا لدروس الدكتور حامد زكى .
264 1 _aالقاهرة :
_bالجامعة المصرية - كلية الحقوق ،
_c١٩٣٣ .
300 _a192 ؛ صفحة
_c24 سم
_bإيضاحيات، صور، مثيليات ؛
336 _2rda content
_atext
337 _2rda media
_aComputer
338 _2rda carrier
_aOnline Resource
504 _aيشتمل على ارجاعات ببليوجرافية .
546 _aالنص باللغة العربية
650 1 4 _aالقانون الدولي الخاص
_2qrmak
651 1 _2qrmak
856 4 0 _uhttps://fll.law.cu.edu.eg/fulltext/bks/B12-00108.pdf
905 _a76
942 _2ddc
_cBK
_e21
_n0
999 _c66001
_d66001